College Football Sudden Death by State: Tennessee - Statistics

General Stats
  • This quiz has been taken 74 times
  • The average score is 7 of 10
Answers on the Grid
Answers color-coded by a green-red scale on the quiz's grid according to % correct below.
 
Answer Stats
Answer % Correct
University of Tennessee
(Knoxville, TN)
92%
Tennessee Tech University
(Cookeville, TN)
83%
University of Memphis
(Memphis, TN)
81%
Middle Tennessee State University
(Murfreesboro, TN)
73%
Vanderbilt University
(Nashville, TN)
67%
Tennessee State University
(Nashville, TN)
67%
University of Tennessee-Chattanooga
(Chattanooga, TN)
58%
East Tennessee State University
(Johnson City, TN)
56%
Austin Peay State University
(Clarksville, TN)
46%
University of Tennessee-Martin
(Martin, TN)
42%
No matching quizzes found
Score Distribution
Percent of People with Each Score
Percentile by Number Answered
Your Score History
You have not taken this quiz